000 00441nam a2200181Ia 4500
001 7542
005 20260306160503.0
008 260306t2002||||xx |||||||||||||| ||spa||
041 _aESP
082 _a339.46
_bM29
100 _aMachuca, Raúl Mauro
_eAUT
245 0 _aCambios de la pobreza en el Perú:
_b1991-1998
260 _c2002
300 _a113 páginas :
_c20 cm.
650 _aGEN
654 _aCAN
942 _cLIB
_dJUS
_fJUS
_2ddc
_n
999 _c7542
_d7542